| 000 | 00858nam a2200253Ia 4500 | ||
|---|---|---|---|
| 003 | OSt | ||
| 005 | 20220923213834.0 | ||
| 006 | a|||||r|||| 00| 0 | ||
| 007 | ta | ||
| 008 | 220922b |||||||| |||| 00| 0 hin d | ||
| 024 | _a165,018 | ||
| 037 | _cTextual | ||
| 040 |
_aARTS _cARTS _bhin |
||
| 041 |
_2hin _ahin |
||
| 082 | _aO152,1:gN5, K6 | ||
| 100 |
_aशुक्ल, परशुराम _9156279 |
||
| 245 | 0 | _aआधुनिक हिन्दी काव्य में यथार्थवाद | |
| 246 | _aĀdhunik hindī kāvya mean yathārthavāda | ||
| 260 |
_aकानपुर _b गं्रथम _c1966 |
||
| 300 |
_a387 पृ. _ccm. |
||
| 650 |
_aहिन्दी साहित्य _9156264 |
||
| 942 |
_hO152,1:gN5, K6 _cTEXL _2CC |
||
| 999 |
_c319497 _d319497 |
||